"Dávám ti své tělo..." : jak píšu milostné scény /

Hlavní autor: Gabaldon, Diana, 1952-
Další autoři: Štulcová, Renata, 1969-
Jazyk: Čeština
Vydáno: Praha : Dobrovský s.r.o., 2017
Edice: Knihy Omega
Témata:
sex
Fyzický popis: 141 stran : ilustrace ; 21 cm
Knihy
Uloženo v:
LEADER 02197cam a2200613 i 4500
001 nkc20182964591
003 CZ PrNK
005 20180604195609.0
007 ta
008 171016s2017 xr a e f 000 0 cze d
015 |a cnb002964591 
020 |a 978-80-7390-611-5  |q (vázáno) 
035 |a (OCoLC)1035450230 
040 |a PNA001  |b cze  |d BOA001  |e rda 
041 1 |a cze  |h eng 
045 |a x-y- 
072 7 |a 808  |x Literární styl. Literární činnost a technika. Efektivní využívání jazyka. Spisovatelská činnost  |2 Konspekt  |9 11 
080 |a 821.111(73)-3  |2 MRF 
080 |a 808.1  |2 MRF 
080 |a 613.88  |2 MRF 
080 |a 82:7.04  |2 MRF 
080 |a (0.062)  |2 MRF 
100 1 |a Gabaldon, Diana,  |d 1952-  |7 xx0051635  |4 aut 
240 1 0 |a I give you my body...  |l Česky 
245 1 0 |a "Dávám ti své tělo..." :  |b jak píšu milostné scény /  |c Diana Gabaldon ; přeložila Renata Štulcová 
264 1 |a Praha :  |b Dobrovský s.r.o.,  |c 2017 
300 |a 141 stran :  |b ilustrace ;  |c 21 cm 
336 |a text  |b txt  |2 rdacontent 
337 |a bez média  |b n  |2 rdamedia 
338 |a svazek  |b nc  |2 rdacarrier 
490 1 |a Knihy Omega 
500 |a Přeloženo z angličtiny 
600 1 7 |a Gabaldon, Diana,  |d 1952-  |7 xx0051635  |2 czenas 
648 7 |a 20.-21. století  |7 ch462155  |2 czenas 
650 0 7 |a americká próza  |7 ph118383  |y 20.-21. století  |2 czenas 
650 0 7 |a tvůrčí psaní  |7 ph126817  |2 czenas 
650 0 7 |a erotika  |7 ph119988  |2 czenas 
650 0 7 |a sex  |7 ph125495  |2 czenas 
650 0 7 |a literární náměty  |7 ph138213  |2 czenas 
650 0 9 |a American prose literature  |y 20th-21st centuries  |2 eczenas 
650 0 9 |a creative writing  |2 eczenas 
650 0 9 |a erotica  |2 eczenas 
650 0 9 |a sex  |2 eczenas 
650 0 9 |a literary themes  |2 eczenas 
655 7 |a populárně-naučné publikace  |7 fd131864  |2 czenas 
655 9 |a popular works  |2 eczenas 
700 1 |a Štulcová, Renata,  |d 1969-  |7 mzk2003194949  |4 trl 
830 0 |a Knihy Omega  |0 s 
910 2 |a BOA001  |b 2-1403.752 
920 |a 000770758  |z PNA001 
990 |a BK 
995 |a 01 
991 |b 201803  |c NOV 
996 6 |b 2610736082  |c 2-1403.752  |l MZK  |r Sklad / do 1 hodiny  |n 1  |p p.v.  |w 001654174  |u 000010  |a 1  |e BOA001  |j MZK50  |s P